|
|
|
|
| LEADER |
01060nam a2200265 a 4500 |
| 001 |
5138 |
| 003 |
BD-DhAAL |
| 008 |
090412s1991 cau b 001 0 eng d |
| 999 |
|
|
|c 157
|d 157
|
| 010 |
|
|
|a 90047291
|
| 020 |
|
|
|a 1555423035 (alk. paper)
|
| 040 |
|
|
|a DLC
|c DLC
|d DLC
|d BD-DhAAL
|
| 082 |
0 |
0 |
|a 374
|2 20
|
| 100 |
1 |
|
|a Candy, Philip C.
|9 41385
|
| 245 |
1 |
0 |
|a Self-direction for lifelong learning :
|b a comprehensive guide to theory and practice /
|c Philip C. Candy ; foreword by Stephen D. Brookfield.
|
| 250 |
|
|
|a First edition
|
| 260 |
|
|
|a San Francisco :
|b Jossey-Bass,
|c c1991.
|
| 300 |
|
|
|a xxiii, 567 pages ;
|c 24 cm.
|
| 490 |
1 |
|
|a The Jossey-Bass higher and adult education series
|
| 504 |
|
|
|a Includes bibliographical references (pages 467-547) and indexes.
|
| 541 |
1 |
|
|e 5138
|
| 650 |
|
0 |
|a Adult learning.
|9 41386
|
| 852 |
4 |
|
|a Ayesha Abed Library
|j General Stacks
|
| 942 |
|
|
|2 ddc
|c BK
|
| 952 |
|
|
|0 0
|1 0
|2 ddc
|4 0
|6 374_CAN_199100000000000
|7 0
|8 NFIC
|9 145
|a BRACUL
|b BRACUL
|c GEN
|d 2009-04-28
|g 4230.00
|l 1
|o 374 CAN
|p 3010005138
|r 2009-05-13
|s 2009-05-13
|t 1
|w 2009-04-28
|y BK
|